مكتبة جامعة عجلون الوطنية

فهرس بحث المكتبة

Normal view MARC view
  • المعارف العامة- معالجة البيانات- المكتبات الرقمية

Entry Topical Term

Number of records used in: 1

001 - CONTROL NUMBER

  • control field: 30243

003 - CONTROL NUMBER IDENTIFIER

  • control field: JO-AjAnu

005 - DATE AND TIME OF LATEST TRANSACTION

  • control field: 20230606075114.0

008 - FIXED-LENGTH DATA ELEMENTS

  • fixed length control field: 230606|| aca||aabn | a|a d

040 ## - CATALOGING SOURCE

  • Original cataloging agency: JO-AjAnu
  • Transcribing agency: JO-AjAnu

150 ## - HEADING--TOPICAL TERM

  • Topical term or geographic name entry element: المعارف العامة- معالجة البيانات- المكتبات الرقمية

670 ## - SOURCE DATA FOUND

  • Source citation: Work cat.: (JO-AjAnu)15533: المالكي ، مجبل لازم مسلم , author 30242,  هندسة المعرفة وإدارتها في البيئة الرقمية